00838nam a2200193 a 450000100100000000500170001000800410002702000180006804000250008610000290011124500570014026000490019730000210024650000700026750400740033795201050041195201110051699900170062700003928920201002031600.0130621s2012 dr a 000 0 spa d a9789945489583 aDO-SdBNPbspacBNPHU1 aFortuna, Cassandro9144110aHaití :bel eterno conflicto /cCassandro Fortuna. aSanto Domingo :bEditorial Santuario,c2012. a191 p. ;c23 cm. aIncluye datos biográficos del autor en la solapa de la cubierta aIncluye referencias bibliográficias y notas al pie de las páginas 0010718PDaPDbPDcCTd2013-06-21iLF1l0o p39289-10r2020-06-25w2020-06-25yLFPDZNo se presta 0010718PDaPDbPDcCTd2013-06-21iLF1l0o p39289-20r2020-06-25te. 2w2020-06-25yLFPDZNo se presta c38779d38779